Población, suministro de alimentos y desarrollo agrícola
Guardado en:
| Autor Corporativo: | |
|---|---|
| Formato: | Texto |
| Publicado: |
Roma:
FAO
|
| Etiquetas: |
Agregar Etiqueta
Sin Etiquetas, Sea el primero en etiquetar este registro!
|
MARC
| LEADER | 00000 a a2200000 04500 | ||
|---|---|---|---|
| 001 | 14183 | ||
| 003 | |||
| 040 | |a CRAI/IIS |c CRAI/IIS | ||
| 090 | |a 020200 | ||
| 110 | |a FAO | ||
| 245 | |a Población, suministro de alimentos y desarrollo agrícola | ||
| 260 | |a Roma: |b FAO | ||
| 300 | |a 5; 72 p. | ||
| 999 | |c 17512 |d 17512 | ||
